000 00339nam a2200133 i 4500
001 bg
100 1 _aPRZYBYLSKI, J.
245 0 _aEkonomika budownictwa :
_bremonty budynków mieszkalnych /
_cJ. Przybylski.
260 _aZielona Góra,
_c1983.
040 _cBPK
041 _apol
942 _cKS
008 s pl f |000 0 pol
999 _c2581
_d2581
856 _uhttp://koha.tu.koszalin.pl/cgi-bin/koha/opac-detail.pl?biblionumber=2581
_yKatalog online BPK